Union of the Comoros : Poverty Reduction Strategy Paper; Joint Staff Advisory Note.

Despite offering a more realistic macroeconomic outlook than the I-Poverty Reduction Strategy Paper (PRSP), the baseline scenario under the full Poverty Reduction and Growth Strategy Paper (PRGSP) is overly optimistic. The authorities estimate the cost of the five-year strategy at USD 1.4 billion, n...

Ausführliche Beschreibung

Bibliographische Detailangaben
Körperschaft: International Monetary Fund
Format: Zeitschrift
Sprache:English
Veröffentlicht: Washington, D.C. : International Monetary Fund, 2010.
Schriftenreihe:IMF Staff Country Reports; Country Report ; No. 2010/189
Online Zugang:Full text available on IMF
LEADER 01745cas a2200241 a 4500
001 AALejournalIMF006567
008 230101c9999 xx r poo 0 0eng d
020 |c 5.00 USD 
020 |z 9781455203376 
022 |a 1934-7685 
040 |a BD-DhAAL  |c BD-DhAAL 
110 2 |a International Monetary Fund. 
245 1 0 |a Union of the Comoros :   |b Poverty Reduction Strategy Paper; Joint Staff Advisory Note. 
264 1 |a Washington, D.C. :  |b International Monetary Fund,  |c 2010. 
300 |a 1 online resource (11 pages) 
490 1 |a IMF Staff Country Reports 
500 |a <strong>Off-Campus Access:</strong> No User ID or Password Required 
500 |a <strong>On-Campus Access:</strong> No User ID or Password Required 
506 |a Electronic access restricted to authorized BRAC University faculty, staff and students 
520 3 |a Despite offering a more realistic macroeconomic outlook than the I-Poverty Reduction Strategy Paper (PRSP), the baseline scenario under the full Poverty Reduction and Growth Strategy Paper (PRGSP) is overly optimistic. The authorities estimate the cost of the five-year strategy at USD 1.4 billion, nearly all to be funded with assistance from donors. The PRGSP rightly notes the adverse impact of real exchange rate appreciation on external viability. The PRGSP identifies three main sectors-agriculture, fisheries, and tourism-that have the potential to generate sustained economic growth. Comoros's development goals and reform agenda under the full PRGSP are ambitious. 
538 |a Mode of access: Internet 
830 0 |a IMF Staff Country Reports; Country Report ;  |v No. 2010/189 
856 4 0 |z Full text available on IMF  |u http://elibrary.imf.org/view/journals/002/2010/189/002.2010.issue-189-en.xml  |z IMF e-Library